• 首页
  • 本馆介绍
  • 公告通知
  • 最新文献
  • 馆藏检索
  • 电子资源
  • 读者导购
  • 参考咨询
  • 我的图书馆
  • 登录
  • 详细信息显示
  • 放入我的书架
  • 预约/预借图书
  • 作者相关作品
  • 分类相关作品
  • 丛书相关作品
  • 出版社相关作品

书目信息

  • 表格格式
  • 工作单格式
  • 卡片格式
题名:
唱起来,跳起来,1949-1984集体舞选
    
 
作者:
分册:  
出版信息: 北京   十月文艺出版社  1984.9
页数: 161页
开本: 20cm
丛书名:
单 册:
中图分类: J722.1
科图分类:
主题词: 舞蹈艺术--中国 , 舞剧--中国
电子资源:
ISBN:
000 00542nam0 2200193 45
001 0312221749
005 20031222171200.6
010    @dCNY0.50
100    @a20031222d1984 km y0chiy0120 ea
101    @achi
105    @a z 000yy
200 1  @a唱起来,跳起来,1949-1984集体舞选@AChang Qi Lai,Tiao Qi Lai,1949-1984 Ji Ti Wu Xuan
210    @a北京@c十月文艺出版社@d1984.9
215    @a161页@d20cm
606 0  @a舞蹈艺术@x中国
606 0  @a舞剧@x中国
690    @aJ722.1@v3
801    @aCN@bTSTCL@c20031222
905    @a213230@dJ722.1@e15@b207243@f1
    
    唱起来,跳起来,1949-1984集体舞选.-北京:十月文艺出版社,1984.9
    161页;20cm
    
    
    ISBN :CNY0.50
    
●
相关链接 在E读中查询图书 在五车中查询图书 在当当中查询图书 在豆瓣中查询图书


正题名:唱起来,跳起来,1949-1984集体舞选     索取号:J722.1/15         预约/预借

序号 登录号 条形码 馆藏地/架位号 状态 备注
1 0207243   001224473   第一样本阅览室/ [索取号:J722.1/15] 在馆    
唐山师范学院图书馆 欢迎您!
大连网信软件有限公司© 版权所有